Το ταξίδι της "Χαράς" : Ατλαντικός, Μεσόγειος
Αποθηκεύτηκε σε:
| Κύριος συγγραφέας: | |
|---|---|
| Μορφή: | Βιβλίο |
| Γλώσσα: | Greek |
| Δημοσίευση: |
Αθήνα :
Alphatrust,
2014.
|
| Έκδοση: | 3η έκδ. |
| Θέματα: | |
| Ετικέτες: |
Προσθήκη ετικέτας
Δεν υπάρχουν, Καταχωρήστε ετικέτα πρώτοι!
|
MARC
| LEADER | 00000cam a2200000 a 4500 | ||
|---|---|---|---|
| 001 | 1/121481 | ||
| 008 | 200604s2014####gr | ||| |||| ||gre|| | ||
| 020 | |a 9789609801966 | ||
| 040 | |a GR-MyUa |b gre |c GR-MyUa |e AACR2 | ||
| 041 | 0 | |a gre | |
| 082 | 7 | |a 910.45 |2 (23) | |
| 100 | 1 | |a Γεωργίου, Σάββας. | |
| 245 | 1 | 3 | |a Το ταξίδι της "Χαράς" : |b Ατλαντικός, Μεσόγειος / |c Σάββας Γεωργίου. |
| 250 | |a 3η έκδ. | ||
| 260 | |a Αθήνα : |b Alphatrust, |c 2014. | ||
| 300 | |a 312 σ. : |b εικ. ; |c 18 εκ. + |e 1 ενσωματωμένος χάρτης | ||
| 650 | 0 | |a Seafaring life. | |
| 650 | 0 | |a Voyages and travels. | |
| 651 | 0 | |a Mediterranean Region |x Description and travel. | |
| 651 | 0 | |a Atlantic Ocean. | |
| 852 | |a INST |b SYROS |e 20200604 |h 910.45 ΓΕΩ |p 005500014916 |q 005500014916 |t BK |y 0 | ||
| 920 | |a Τράπεζα της Ελλάδος |b Βιβλιοθήκη |y Σύρος |z 2018-06 | ||
| 970 | |a Κοντού |b Παρασκευή |z 04/06/2020 | ||